100 metrin pikajuoksun maailmanmestarit - Statistics

Yleistilastot
  • Tätä visaa on pelattu 34 kertaa
  • Keskiarvotulos 13 / 38
Vastaustilastot
% Oikein
M 2009 UsainBolt Jamaika
100%
M 2013 UsainBolt Jamaika
100%
M 2015 UsainBolt Jamaika
100%
M 2005 JustinGatlin Yhdysvallat
65%
M 2017 JustinGatlin Yhdysvallat
65%
M 2007 TysonGay Yhdysvallat
57%
M 1983 CarlLewis Yhdysvallat
52%
M 1987 CarlLewis Yhdysvallat
52%
M 1991 CarlLewis Yhdysvallat
52%
M 2011 YohanBlake Jamaika
52%
M 2023 NoahLyles Yhdysvallat
43%
M 1997 MauriceGreene Yhdysvallat
39%
M 1999 MauriceGreene Yhdysvallat
39%
M 2001 MauriceGreene Yhdysvallat
39%
M 2003 KimCollins Saint Kitts ja Nevis
35%
N 2009 Shelly-AnnFraser Jamaika
35%
N 2013 Shelly-AnnFraser-Pryce Jamaika
35%
N 2015 Shelly-AnnFraser-Pryce Jamaika
35%
N 2019 Shelly-AnnFraser-Pryce Jamaika
35%
N 2022 Shelly-AnnFraser-Pryce Jamaika
35%
M 2022 FredKerley Yhdysvallat
30%
M 1995 DonovanBailey Kanada
26%
M 1993 LinfordChristie Iso-Britannia
26%
N 1997 MarionJones Yhdysvallat
26%
N 1999 MarionJones Yhdysvallat
26%
N 2023 Sha'CarriRichardson Yhdysvallat
26%
N 1993 GailDevers Yhdysvallat
13%
N 1983 MarliesGöhr Saksa
13%
M 2019 ChristianColeman Yhdysvallat
9%
N 1991 KatrinKrabbe Saksa
9%
N 1987 SilkeGladisch Saksa
9%
N 2017 ToriBowie Yhdysvallat
4%
N 2007 VeronicaCampbell Jamaika
4%
N 2011 CarmelitaJeter Yhdysvallat
0%
N 1995 GwenTorrence Yhdysvallat
0%
N 2005 LaurynWilliams Yhdysvallat
0%
N 2003 TorriEdwards Yhdysvallat
0%
N 2001 Žanna Block Ukraina
0%
Ehtoja vastaavia visoja ei löytynyt
Tulosjakauma
Jokaisen tuloksen saaneiden osuus
Persentiili vastausten määrän mukaan
Tuloshistoriasi
Et ole pelannut tätä visaa